00677cam a22002291 4500001001300000003000400013005001700017008004100034010001700075035001900092040001800111042001200129050001500141100002300156245006000179250003200239260003100271300008100302490003100383650001600414999001700430it 01000068 DLC20260227111517.0800306s1888 it fbd 000 0 ita  ait 01000068  a(OCoLC)6058298 aDLCcNNRdDLC apremarc00aHA29b.G131 aGabaglio, Antonio.00aTeoria generale della statistica,cdi Antonio Gabaglio. a2. ed., totalmente rifatta. aMilano,bU. Hoepli,c1888. a2 v.bplates (part col.) fold. maps, diagrs. (part col., part fold.)c23 cm.0 aStudi giuridici e politici 0aStatistics. c34835d34835